<?xml version="1.0" encoding="UTF-8"?>
<record
    xmlns:xsi="http://www.w3.org/2001/XMLSchema-instance"
    xsi:schemaLocation="http://www.loc.gov/MARC21/slim http://www.loc.gov/standards/marcxml/schema/MARC21slim.xsd"
    xmlns="http://www.loc.gov/MARC21/slim">

  <leader>02589    a2200265   4500</leader>
  <controlfield tag="003">NALT</controlfield>
  <controlfield tag="005">20260127112255.0</controlfield>
  <controlfield tag="008">240409b        th ||||| |||| 00| 0 tha d</controlfield>
  <datafield tag="020" ind1=" " ind2=" ">
    <subfield code="a">9786164883833</subfield>
  </datafield>
  <datafield tag="040" ind1=" " ind2=" ">
    <subfield code="a">NALT</subfield>
  </datafield>
  <datafield tag="050" ind1=" " ind2=" ">
    <subfield code="a">DS 584</subfield>
    <subfield code="b">&#xE1E;796&#xE1B; 2566</subfield>
  </datafield>
  <datafield tag="100" ind1="0" ind2=" ">
    <subfield code="a">&#xE1E;&#xE35;&#xE23;&#xE30; &#xE40;&#xE08;&#xE23;&#xE34;&#xE0D;&#xE27;&#xE31;&#xE12;&#xE19;&#xE19;&#xE38;&#xE01;&#xE39;&#xE25;.</subfield>
    <subfield code="9">37928</subfield>
  </datafield>
  <datafield tag="245" ind1="1" ind2="0">
    <subfield code="a">&#xE1B;&#xE32;&#xE0F;&#xE34;&#xE2B;&#xE32;&#xE23;&#xE34;&#xE22;&#xE4C;&#xE19;&#xE31;&#xE49;&#xE19;&#xE21;&#xE35;&#xE08;&#xE23;&#xE34;&#xE07; : </subfield>
    <subfield code="b">&#xE04;&#xE27;&#xE32;&#xE21;&#xE1A;&#xE31;&#xE07;&#xE40;&#xE2D;&#xE34;&#xE0D;&#xE02;&#xE2D;&#xE07;&#xE44;&#xE17;&#xE22;&#xE43;&#xE19;&#xE01;&#xE32;&#xE23;&#xE40;&#xE2D;&#xE32;&#xE15;&#xE31;&#xE27;&#xE23;&#xE2D;&#xE14;&#xE08;&#xE32;&#xE01;&#xE2D;&#xE31;&#xE07;&#xE01;&#xE24;&#xE29;&#xE2B;&#xE25;&#xE31;&#xE07;&#xE2A;&#xE07;&#xE04;&#xE23;&#xE32;&#xE21;&#xE42;&#xE25;&#xE01;&#xE04;&#xE23;&#xE31;&#xE49;&#xE07;&#xE17;&#xE35;&#xE48;&#xE2A;&#xE2D;&#xE07; /</subfield>
    <subfield code="c">&#xE1E;&#xE35;&#xE23;&#xE30; &#xE40;&#xE08;&#xE23;&#xE34;&#xE0D;&#xE27;&#xE31;&#xE12;&#xE19;&#xE19;&#xE38;&#xE01;&#xE39;&#xE25;.</subfield>
  </datafield>
  <datafield tag="250" ind1=" " ind2=" ">
    <subfield code="a">&#xE1E;&#xE34;&#xE21;&#xE1E;&#xE4C;&#xE04;&#xE23;&#xE31;&#xE49;&#xE07;&#xE41;&#xE23;&#xE01;.</subfield>
  </datafield>
  <datafield tag="260" ind1=" " ind2=" ">
    <subfield code="a">&#xE01;&#xE23;&#xE38;&#xE07;&#xE40;&#xE17;&#xE1E;&#xE2F; :</subfield>
    <subfield code="b">&#xE04;&#xE13;&#xE30;&#xE23;&#xE31;&#xE10;&#xE28;&#xE32;&#xE2A;&#xE15;&#xE23;&#xE4C; &#xE21;&#xE2B;&#xE32;&#xE27;&#xE34;&#xE17;&#xE22;&#xE32;&#xE25;&#xE31;&#xE22;&#xE18;&#xE23;&#xE23;&#xE21;&#xE28;&#xE32;&#xE2A;&#xE15;&#xE23;&#xE4C;,</subfield>
    <subfield code="c">2566.</subfield>
  </datafield>
  <datafield tag="300" ind1=" " ind2=" ">
    <subfield code="a">344 &#xE2B;&#xE19;&#xE49;&#xE32; ;</subfield>
    <subfield code="c">24 &#xE0B;&#xE21;.</subfield>
  </datafield>
  <datafield tag="505" ind1="2" ind2=" ">
    <subfield code="a">&#xE1A;&#xE17;&#xE17;&#xE35;&#xE48; 1 &#xE2A;&#xE20;&#xE32;&#xE1E;&#xE1B;&#xE31;&#xE0D;&#xE2B;&#xE32; &#xE1B;&#xE32;&#xE0F;&#xE34;&#xE2B;&#xE32;&#xE23;&#xE34;&#xE22;&#xE4C; &#xE41;&#xE25;&#xE30;&#xE27;&#xE34;&#xE18;&#xE35;&#xE04;&#xE34;&#xE14;&#xE2D;&#xE31;&#xE19;&#xE2A;&#xE27;&#xE19;&#xE17;&#xE32;&#xE07;&#xE08;&#xE32;&#xE01;&#xE02;&#xE49;&#xE2D;&#xE40;&#xE17;&#xE47;&#xE08;&#xE08;&#xE23;&#xE34;&#xE07;&#xE17;&#xE35;&#xE48;&#xE40;&#xE01;&#xE34;&#xE14;&#xE02;&#xE36;&#xE49;&#xE19; -- &#xE1A;&#xE17;&#xE17;&#xE35;&#xE48; 2 &#xE1B;&#xE31;&#xE0D;&#xE2B;&#xE32;&#xE02;&#xE2D;&#xE07;&#xE27;&#xE31;&#xE19;&#xE17;&#xE35;&#xE48; 16 &#xE2A;&#xE34;&#xE07;&#xE2B;&#xE32;&#xE04;&#xE21; &#xE1E;.&#xE28;. 2488: &#xE17;&#xE48;&#xE32;&#xE17;&#xE35;&#xE2D;&#xE31;&#xE07;&#xE01;&#xE24;&#xE29; &#xE2D;&#xE40;&#xE21;&#xE23;&#xE34;&#xE01;&#xE32; &#xE41;&#xE25;&#xE30;&#xE44;&#xE17;&#xE22; -- &#xE1A;&#xE17;&#xE17;&#xE35;&#xE48; 3 &#xE22;&#xE2D;&#xE21;&#xE17;&#xE38;&#xE01;&#xE2D;&#xE22;&#xE48;&#xE32;&#xE07;&#xE40;&#xE1E;&#xE37;&#xE48;&#xE2D;&#xE22;&#xE38;&#xE15;&#xE34;&#xE2A;&#xE07;&#xE04;&#xE23;&#xE32;&#xE21;: &#xE40;&#xE08;&#xE23;&#xE08;&#xE32;&#xE17;&#xE35;&#xE48;&#xE41;&#xE04;&#xE19;&#xE14;&#xE35;&#xE04;&#xE23;&#xE31;&#xE49;&#xE07;&#xE17;&#xE35;&#xE48; 1-- &#xE1A;&#xE17;&#xE17;&#xE35;&#xE48; 4 &#xE15;&#xE48;&#xE2D;&#xE23;&#xE2D;&#xE07;&#xE41;&#xE25;&#xE30;&#xE40;&#xE15;&#xE30;&#xE16;&#xE48;&#xE27;&#xE07;: &#xE01;&#xE32;&#xE23;&#xE40;&#xE08;&#xE23;&#xE08;&#xE32;&#xE17;&#xE35;&#xE48;&#xE41;&#xE04;&#xE19;&#xE14;&#xE35;&#xE04;&#xE23;&#xE31;&#xE49;&#xE07;&#xE17;&#xE35;&#xE48; 2 -- &#xE1A;&#xE17;&#xE17;&#xE35;&#xE48; 5 &#xE25;&#xE07;&#xE19;&#xE32;&#xE21;&#xE2B;&#xE23;&#xE37;&#xE2D;&#xE44;&#xE21;&#xE48;: &#xE04;&#xE27;&#xE32;&#xE21;&#xE41;&#xE15;&#xE01;&#xE41;&#xE22;&#xE01;&#xE43;&#xE19;&#xE23;&#xE31;&#xE10;&#xE1A;&#xE32;&#xE25;&#xE01;&#xE31;&#xE1A;&#xE01;&#xE32;&#xE23;&#xE40;&#xE08;&#xE23;&#xE08;&#xE32;&#xE04;&#xE23;&#xE31;&#xE49;&#xE07;&#xE2A;&#xE38;&#xE14;&#xE17;&#xE49;&#xE32;&#xE22;&#xE17;&#xE35;&#xE48;&#xE2A;&#xE34;&#xE07;&#xE04;&#xE42;&#xE1B;&#xE23;&#xE4C; -- &#xE1A;&#xE17;&#xE17;&#xE35;&#xE48; 6 &#xE14;&#xE49;&#xE27;&#xE22;&#xE1B;&#xE32;&#xE0F;&#xE34;&#xE2B;&#xE32;&#xE23;&#xE34;&#xE22;&#xE4C;&#xE41;&#xE25;&#xE30;&#xE04;&#xE27;&#xE32;&#xE21;&#xE1A;&#xE31;&#xE07;&#xE40;&#xE2D;&#xE34;&#xE0D;.</subfield>
  </datafield>
  <datafield tag="650" ind1=" " ind2="4">
    <subfield code="a">&#xE2A;&#xE07;&#xE04;&#xE23;&#xE32;&#xE21;&#xE42;&#xE25;&#xE01;, &#xE04;.&#xE28;. 1939-1945</subfield>
    <subfield code="z">&#xE44;&#xE17;&#xE22;</subfield>
    <subfield code="9">22000</subfield>
  </datafield>
  <datafield tag="651" ind1=" " ind2="4">
    <subfield code="a">&#xE44;&#xE17;&#xE22;</subfield>
    <subfield code="x">&#xE04;&#xE27;&#xE32;&#xE21;&#xE2A;&#xE31;&#xE21;&#xE1E;&#xE31;&#xE19;&#xE18;&#xE4C;&#xE01;&#xE31;&#xE1A;&#xE15;&#xE48;&#xE32;&#xE07;&#xE1B;&#xE23;&#xE30;&#xE40;&#xE17;&#xE28; </subfield>
    <subfield code="z">&#xE2D;&#xE31;&#xE07;&#xE01;&#xE24;&#xE29;</subfield>
    <subfield code="9">16707</subfield>
  </datafield>
  <datafield tag="651" ind1=" " ind2="4">
    <subfield code="a">&#xE44;&#xE17;&#xE22; </subfield>
    <subfield code="x">&#xE04;&#xE27;&#xE32;&#xE21;&#xE2A;&#xE31;&#xE21;&#xE1E;&#xE31;&#xE19;&#xE18;&#xE4C;&#xE01;&#xE31;&#xE1A;&#xE15;&#xE48;&#xE32;&#xE07;&#xE1B;&#xE23;&#xE30;&#xE40;&#xE17;&#xE28;</subfield>
    <subfield code="z">&#xE2A;&#xE2B;&#xE23;&#xE31;&#xE10;&#xE2D;&#xE40;&#xE21;&#xE23;&#xE34;&#xE01;&#xE32;</subfield>
    <subfield code="9">14325</subfield>
  </datafield>
  <datafield tag="651" ind1=" " ind2="4">
    <subfield code="a">&#xE44;&#xE17;&#xE22;</subfield>
    <subfield code="x">&#xE04;&#xE27;&#xE32;&#xE21;&#xE2A;&#xE31;&#xE21;&#xE1E;&#xE31;&#xE19;&#xE18;&#xE4C;&#xE01;&#xE31;&#xE1A;&#xE15;&#xE48;&#xE32;&#xE07;&#xE1B;&#xE23;&#xE30;&#xE40;&#xE17;&#xE28; </subfield>
    <subfield code="y">2482-2488</subfield>
    <subfield code="9">63624</subfield>
  </datafield>
  <datafield tag="942" ind1=" " ind2=" ">
    <subfield code="c">GB</subfield>
    <subfield code="2">lcc</subfield>
  </datafield>
  <datafield tag="996" ind1=" " ind2=" ">
    <subfield code="a">saiphon.d</subfield>
    <subfield code="b">CATSTF	</subfield>
    <subfield code="c">2024-04-09</subfield>
  </datafield>
  <datafield tag="999" ind1=" " ind2=" ">
    <subfield code="c">104914</subfield>
    <subfield code="d">104914</subfield>
  </datafield>
  <datafield tag="998" ind1=" " ind2=" ">
    <subfield code="j">1020</subfield>
    <subfield code="k"> &#xE19;&#xE32;&#xE07;&#xE08;&#xE33;&#xE40;&#xE23;&#xE35;&#xE22;&#xE07;  &#xE23;&#xE30;&#xE27;&#xE31;&#xE07;&#xE2A;&#xE33;&#xE42;&#xE23;&#xE07;</subfield>
  </datafield>
  <datafield tag="952" ind1=" " ind2=" ">
    <subfield code="0">0</subfield>
    <subfield code="1">0</subfield>
    <subfield code="2">lcc</subfield>
    <subfield code="4">0</subfield>
    <subfield code="7">0</subfield>
    <subfield code="8">CGBL</subfield>
    <subfield code="a">NALT</subfield>
    <subfield code="b">NALT</subfield>
    <subfield code="c">GEN</subfield>
    <subfield code="d">2024-03-14</subfield>
    <subfield code="e">193</subfield>
    <subfield code="l">1</subfield>
    <subfield code="m">1</subfield>
    <subfield code="o">DS 584 &#xE1E;796&#xE1B; 2566</subfield>
    <subfield code="p">3961222792</subfield>
    <subfield code="r">2024-09-11 00:00:00</subfield>
    <subfield code="s">2024-08-29</subfield>
    <subfield code="w">2024-03-14</subfield>
    <subfield code="y">GB</subfield>
  </datafield>
</record>
